000 00782nam a2200265Ia 4500
003 OSt
005 20220925223227.0
006 a|||||r|||| 00| 0
007 ta
008 220923b |||||||| |||| 00| 0 eng d
020 _a0415352630
037 _cGeneral Book
040 _aRTL
_cRTL
_beng
041 _2eng
_aeng
082 _aX:57, P5
100 _aDriver Rebecca, and others Ed.
_9289262
245 0 _aExchange rates, capital flows and policy
260 _aLondon
_bRoutledge
_c2005
300 _ax,425p
_ccm.
490 _aRoutledge International Studies in Money and Banking
500 _aBibliography chapterwise
650 _aForeign Exchange
942 _hX:57, P5
_cGB
_2CC
999 _c578990
_d578990